000 00553ntaaa2200205 4500
003 01
005 20251027200929.0
008 0714s1973 ag 01
040 _aAR-BaBN
_bspa
_cAR-BaBN
_eaacr
_dRIC
082 _a237.2 B81
100 _aBrown, William Adams
_96027
245 _aChristian Hope, a study in the Doctrine of Immortality /
_cWilliam Adams Brown
250 _a1 ed.
260 _aDuckworth,
_cc/912
300 _axi, 216 p.
650 _ainmortalidad
_95144
650 _avida futura
650 _aesperanza cristiana
_91721
942 _cBK
999 _c3285
_d3285